Sony Cyber-shot H7

Bibliographic Details
Main Author: Orviský, Peter (Author)
Format: Article
Language:Slovak
PhysicalDescription:Obr., tab.
ISSN:1336-5754
Subjects:

MARC

LEADER 00000nab a2200000 ar4500
001 vtls008997459
003 SK-MaSNL
005 20260303065809.0
008 070511c2007 xo |||||||||||000 b|slo
015 |a SNBRB2007/06  |2 snkbucl 
038 |a SNKBUCL 
040 |a SNKBUCL  |b slo  |c SNKBUCL  |e AACR2 
041 0 |a slo 
044 |a xo  |c SK 
080 |a 771.31:004.085  |2 2001 
080 |a 681.772.2:004.085  |2 2001 
100 1 |a Orviský, Peter  |4 aut  |9 18820 
245 1 0 |a Sony Cyber-shot H7  |c Peter Orviský 
300 |b Obr., tab. 
650 0 7 |a Sony Cyber-shot DSC-H7 (fotoaparát)  |2 snkbucl  |9 1066345 
650 0 7 |a digitálne fotoaparáty  |2 snkbucl  |9 20208 
773 0 |t DiGi revue  |g Roč. 3, č. 5 (2007), s. 30  |x 1336-5754 
852 |a SNK  |b KIS3GCP 
999 |c 1752747  |d 1754677